Mikroštrukturne zmeny austenitickej koróziivzdornej ocele v dôsledku povrchového opracovania

Salvato in:
Dettagli Bibliografici
Autore principale: Burda, Michal (Autore)
Altri autori: Dománková, Mária (Relatore della tesi)
Natura: Manoscritto Libro
Lingua:slovacco
Pubblicazione: 2024
Soggetti:
Accesso online:http://is.stuba.sk/zp/portal_zp.pl?podrobnosti=169318
Tags: Aggiungi Tag
Nessun Tag, puoi essere il primo ad aggiungerne!!

MARC

LEADER 00000ntm a22000003a 4500
001 stuzp98603
003 SK-STU
005 20240629212156.4
007 ta
008 150427s2015----xo-----f-mn---000-0-slo-d
040 |a STU  |b slo 
041 0 |a slo 
100 1 |a Burda, Michal  |u 061000  |4 aut  |U MTF Materiálovotechnologická fakulta  |T MTF Ústav materiálov  |X 116534  |U M1000  |Y 81  |7 116534 
242 0 1 |a Microstructure changes of austenitic stainless steel due to final surface machining  |y eng 
245 1 0 |a Mikroštrukturne zmeny austenitickej koróziivzdornej ocele v dôsledku povrchového opracovania 
260 |c 2024 
650 4 |a austenitické koróziivzdorné ocele  |2 slo 
650 4 |a medzikryštálová korózia  |2 slo 
650 4 |a korózne praskanie  |2 slo 
650 4 |a intergranular corrosion  |2 eng 
650 4 |a corrosion cracking  |2 eng 
650 4 |a austenitic stainless steel  |2 eng 
700 1 |a Dománková, Mária  |u 061000  |k Z1  |4 ths  |U MTF Materiálovotechnologická fakulta  |T MTF Ústav materiálov  |X 251  |U M1000  |Y 81  |7 A000000251 
856 4 |u http://is.stuba.sk/zp/portal_zp.pl?podrobnosti=169318 
996 |c M* BP-9727  |l MMSKP  |s P  |a 0  |w stuzp98603_0001